000
00342nam a2200133Ia 4500
008
231017s9999 xx 000 0 und d
082
_a
625.84
082
_b
SON
245
0
_a
Damage Analysis in Asphalt Concrete Mixtures Based on Parameter Relationships
245
0
_c
Injun Song
260
_b
Injun Song
300
_c
30cm
942
_c
REP
999
_c
604885
_d
604885